000 00660nam a2200253 i 4500
001 C2-0323201
003 PPAK
005 20180729165001.0
008 970123s1990 xxk|||| ||||| | eng d
020 _a0721452019
040 _aPPAK
_beng
_cPPAK
_erda
082 0 4 _a591
_223
090 0 0 _a591
_bARN
_dK
090 0 0 _a591
_bARN
_dRK
100 1 _aArnold, Caroline,
_eauthor
245 1 0 _aAnimals
264 1 _aLoughborough :
_bLadybirds Books ,
_c1990
300 _a27 pages :
_bcolour illustrations ;
_c19 cm
336 _2rdacontent
_atext
337 _2rdamedia
_aunmediated
338 _2rdacarrier
_avolume
650 1 0 _aAnimals
942 _ddc
_cB
999 _c123334
_d123334